Teams that have lost the most Super Bowls - Statistics

General Stats
  • This quiz has been taken 160 times
    146 since last reset
  • The average score is 14 of 16
Answer Stats
Number of Losses Team % Correct
5 New England Patriots
97%
2 Pittsburgh Steelers
94%
4 Buffalo Bills
93%
3 Dallas Cowboys
92%
4 Minnesota Vikings
92%
5 Denver Broncos
88%
2 Philadelphia Eagles
88%
2 Baltimore / Indianapolis Colts
84%
2 Cincinnati Bengals
84%
3 Miami Dolphins
84%
3 St. Louis / Los Angeles Rams
84%
2 Oakland / Los Angeles Raiders
83%
2 Atlanta Falcons
75%
2 Washington Redskins
75%
2 Seattle Seahawks
73%
2 Carolina Panthers
72%
No matching quizzes found
Score Distribution
Percent of People with Each Score
Percentile by Number Answered
Your Score History
You have not taken this quiz since the last reset